Common cause.

Bibliographic Details
Previous Title:Frontline
In common
Uniform Title:Common cause (Washington, D.C.)
Format: Journal
Language:English
Published: Washington, D.C. : Common Cause, [1980-]
Subjects:
Online Availability: Check for online availability

MARC

Tag First Indicator Second Indicator Subfields
LEADER 00000cas a2200000 a 4500
001 in00000546421
005 20151014050803.0
008 800923c19809999dcuqr1p 0uuua0eng d
010 |a  81641136   |z sn 80002160  
012 |a 4  |b 3  |i 8406  |k 1  |l 1  |m 1 
022 |a 0884-6537 
032 |a 112830  |b USPS 
035 |a (OCoLC)06742658 
035 |9 ACJ0340AM 
037 |b Common Cause, 2030 M St., N.W., Washington, D.C. 20036 
040 |a NSD  |c NSD  |d DLC  |d NST  |d DLC  |d NST  |d AIP  |d NST  |d TXA  |d UtOrBLW 
042 |a lc  |a nsdp 
043 |a n-us--- 
049 |a TXAE 
050 0 0 |a JK1  |b .C636 
082 0 |a 329.973/05  |2 19 
130 0 |a Common cause (Washington, D.C.) 
222 0 |a Common cause 
245 1 0 |a Common cause. 
246 1 3 |a Common cause magazine 
264 1 |a Washington, D.C. :  |b Common Cause,  |c [1980-] 
264 4 |c ©1980- 
300 |a volumes :  |b illustrations ;  |c 28 cm. 
310 |a Quarterly,  |b Jan./Feb./Mar. 1992- 
321 |a Bimonthly,  |b Oct. 1980-July/Aug. 1991 
336 |a text  |b txt  |2 rdacontent 
337 |a unmediated  |b n  |2 rdamedia 
338 |a volume  |b nc  |2 rdacarrier 
362 0 |a [Vol. 6, no. 4] (Oct. 1980)- 
500 |a Some issues on 35 mm. microfilm. 
500 |a Title from cover. 
510 0 |a Public Affairs Information Service bulletin  |x 0033-3409 
515 |a Not published Sept. 1991-Dec. 1991. 
580 |a Merger of: Frontline (Washington, D.C.); and, In common (Washington, D.C.). 
650 0 |a Political participation  |z United States  |x Periodicals. 
651 0 |a United States  |x Politics and government  |y 1945-1953  |x Periodicals. 
651 0 |a United States  |x Politics and government  |y 1945-1989  |x Periodicals. 
780 1 4 |t Frontline  |c (Washington, D.C.)  |x 0197-5625  |w (OCoLC)2256667 
780 1 4 |t In common  |c (Washington, D.C.)  |x 0196-6677  |w (DLC) 80640236 
999 |a MARS 
999 f f |s 1ab18245-ae58-382b-b6ca-ce47b02a035b  |i 32289df4-5674-3619-8402-3a256b9721bf  |t 0 
952 f f |p ric  |a Texas A&M University  |b Rellis Campus  |c Joint Library Facility  |d Remote Storage  |t 0  |e JK1 .C636  |h Library of Congress classification  |i unmediated -- volume  |k v.13  |l 1987  |m A14811372116 
952 f f |p ric  |a Texas A&M University  |b Rellis Campus  |c Joint Library Facility  |d Remote Storage  |t 0  |e JK1 .C636  |h Library of Congress classification  |i unmediated -- volume  |k v.17  |l 1991  |m A14815675257 
952 f f |p ric  |a Texas A&M University  |b Rellis Campus  |c Joint Library Facility  |d Remote Storage  |t 0  |e JK1 .C636  |h Library of Congress classification  |i unmediated -- volume  |k v.20-21  |l 1994-1995  |m A14820123207 
952 f f |p ric  |a Texas A&M University  |b Rellis Campus  |c Joint Library Facility  |d Remote Storage  |t 0  |e JK1 .C636  |h Library of Congress classification  |i unmediated -- volume  |k v.22:no.1  |l 1996  |m A14822514852 
952 f f |p ric  |a Texas A&M University  |b Rellis Campus  |c Joint Library Facility  |d Remote Storage  |t 0  |e JK1 .C636  |h Library of Congress classification  |i unmediated -- volume  |k v.16  |l 1990  |m A14815675401 
952 f f |p ric  |a Texas A&M University  |b Rellis Campus  |c Joint Library Facility  |d Remote Storage  |t 0  |e JK1 .C636  |h Library of Congress classification  |i unmediated -- volume  |k v.18  |l 1992  |m A14817162797 
952 f f |p ric  |a Texas A&M University  |b Rellis Campus  |c Joint Library Facility  |d Remote Storage  |t 0  |e JK1 .C636  |h Library of Congress classification  |i unmediated -- volume  |k v.19  |l 1993  |m A14818428722 
952 f f |p ric  |a Texas A&M University  |b Rellis Campus  |c Joint Library Facility  |d Remote Storage  |t 0  |e JK1 .C636  |h Library of Congress classification  |i unmediated -- volume  |k v.11  |l 1985  |m A14811432712 
952 f f |p ric  |a Texas A&M University  |b Rellis Campus  |c Joint Library Facility  |d Remote Storage  |t 0  |e JK1 .C636  |h Library of Congress classification  |i unmediated -- volume  |k v.15  |l 1989  |m A14812051797 
952 f f |p ric  |a Texas A&M University  |b Rellis Campus  |c Joint Library Facility  |d Remote Storage  |t 0  |e JK1 .C636  |h Library of Congress classification  |i unmediated -- volume  |k v.14  |l 1988  |m A14812038985 
998 f f |a JK1 .C636  |s v.22:no.1 (1996)  |t 0  |l Remote Storage